| 000 | 00351nam a2200133Ia 4500 | ||
|---|---|---|---|
| 008 | 220216s9999 xx 000 0 und d | ||
| 100 | _aShankar U | ||
| 245 | 0 | _aAdhesive resin from depolymerised natural rubber | |
| 260 |
_bProceedings of the IRI _c1965 |
||
| 300 | _a238-240 | ||
| 650 | _aAdhesive resin | ||
| 650 | _aDepolymerised NR | ||
| 942 | _cJS | ||
| 999 |
_c53825 _d53825 |
||